[Event "GER-ch 71st"]
[Site "Altenkirchen"]
[Date "1999.11.15"]
[Round "4"]
[White "Bruch, Jochen"]
[Black "Jugelt, Tobias"]
[Result "1/2-1/2"]
[WhiteElo "2320"]
[BlackElo "2401"]
[EventDate "1999.11.12"]
[PlyCount "149"]

1. Nf3 c5 2. g3 g6 3. Bg2 Bg7 4. c4 Nc6 5. O-O e5 6. Nc3 Nge7 7. d3 O-O 8. a3 h6 9. Rb1 a5 10. Ne1 d6 11. Nc2 Rb8 12. b4 b6 13. bxc5 dxc5 14. Ne3 Nd4 15. Ncd5 Nxd5 16. Nxd5 Be6 17. Bd2 Bxd5 18. Bxd5 Kh7 19. e3 Nf5 20. Qf3 Ne7 21. Rb5 f5 22. Rfb1 Qd6 23. Qg2 a4 24. e4 h5 25. Bc3 Bh6 26. Qh3 Bg5 27. Re1 Nxd5 28. exd5 Rbe8 29. Rb2 Bf6 30. Rbe2 b5 31. Qg2 b4 32. Bb2 bxa3 33. Bxa3 Rb8 34. Bb2 Rfe8 35. f4 e4 36. Bxf6 Qxf6 37. dxe4 fxe4 38. Rxe4 Rxe4 39. Qxe4 Rb7 40. Qe5 Qa6 41. d6 Qxc4 42. Qf6 a3 43. Re7+ Rxe7 44. dxe7 Qc1+ 45. Kg2 Qb2+ 46. Qxb2 axb2 47. e8=Q b1=Q 48. Qe7+ Kh6 49. Qxc5 Qa2+ 50. Qf2 Qd5+ 51. Kf1 Qe4 52. Kg1 Qb1+ 53. Kg2 Qe4+ 54. Qf3 Qc2+ 55. Kh3 Qf5+ 56. g4 hxg4+ 57. Qxg4 Qc5 58. Qf3 Qg1 59. Qe2 Qd4 60. Kg3 Qc3+ 61. Kg2 Qf6 62. Qf3 Qd4 63. h4 Qd2+ 64. Kh3 Qe1 65. f5 gxf5 66. Qf4+ Kg7 67. Qg5+ Kh8 68. Qh6+ Kg8 69. Qg6+ Kh8 70. Qxf5 Qg1 71. Qf6+ Kh7 72. Qf7+ Qg7 73. Qxg7+ Kxg7 74. Kg4 Kh8 75. Kg5 1/2-1/2

[Event "GER-ch 71st"]
[Site "Altenkirchen"]
[Date "1999.11.15"]
[Round "4"]
[White "Dautov, Rustem"]
[Black "Paulsen, Dirk"]
[Result "1-0"]
[WhiteElo "2597"]
[BlackElo "2331"]
[EventDate "1999.11.12"]
[PlyCount "81"]

1. d4 d5 2. c4 e6 3. Nf3 Nf6 4. Nc3 Be7 5. Bg5 Nbd7 6. e3 O-O 7. Rc1 dxc4 8. Bxc4 a6 9. a4 c6 10. O-O b5 11. Bd3 Bb7 12. Bxf6 Bxf6 13. Qc2 g6 14. Ne4 Be7 15. Rfd1 bxa4 16. Qxa4 Qb6 17. Qc2 a5 18. h4 Rfc8 19. h5 c5 20. Ne5 Nxe5 21. dxe5 Bd5 22. Nd6 Bxd6 23. exd6 Qxd6 24. Bxg6 hxg6 25. e4 Kh7 26. hxg6+ fxg6 27. Rd3 Qe5 28. exd5 exd5 29. Re3 Qf6 30. Rce1 Rc7 31. Rh3+ Kg8 32. Ree3 Rf8 33. Reg3 Kg7 34. Rf3 Qd6 35. Qd2 Rh8 36. Rxh8 Kxh8 37. Qh6+ Kg8 38. Rg3 Rg7 39. Rh3 Re7 40. Qh8+ Kf7 41. Rf3+ 1-0

[Event "GER-ch 71st"]
[Site "Altenkirchen"]
[Date "1999.11.15"]
[Round "4"]
[White "Gottschling, Stefan"]
[Black "Schunk, Eduard"]
[Result "0-1"]
[WhiteElo "2243"]
[BlackElo "2260"]
[EventDate "1999.11.12"]
[PlyCount "80"]

1. e4 e5 2. Nf3 Nc6 3. Bb5 a6 4. Bxc6 dxc6 5. O-O f6 6. d4 exd4 7. Nxd4 c5 8. Nb3 Qxd1 9. Rxd1 Bg4 10. f3 Bd7 11. Bf4 O-O-O 12. Nc3 c4 13. Na5 Bc5+ 14. Kh1 b5 15. Nd5 Ne7 16. Bxc7 Nxd5 17. Rxd5 Kxc7 18. Rxc5+ Kb6 19. b4 cxb3 20. Nxb3 Be6 21. Rc3 Rc8 22. Rxc8 Rxc8 23. Nd4 Bf7 24. h4 Rd8 25. c3 Rc8 26. Nf5 Rxc3 27. Nxg7 b4 28. f4 Rc2 29. Rd1 Bxa2 30. Nf5 b3 31. Nd4 Rc4 32. Rd2 a5 33. Ne2 a4 34. e5 fxe5 35. fxe5 a3 36. e6 b2 37. e7 b1=Q+ 38. Kh2 Rxh4+ 39. Kg3 Re4 40. Nc3 Qe1+ 0-1

[Event "GER-ch 71st"]
[Site "Altenkirchen"]
[Date "1999.11.15"]
[Round "4"]
[White "Gutman, Lev"]
[Black "Kaeser, Udo"]
[Result "1-0"]
[WhiteElo "2471"]
[BlackElo "2334"]
[EventDate "1999.11.12"]
[PlyCount "141"]

1. Nf3 g6 2. g3 Bg7 3. d4 Nf6 4. Bg2 O-O 5. O-O d6 6. a4 c5 7. dxc5 dxc5 8. Nc3 Nc6 9. a5 a6 10. Qxd8 Rxd8 11. Na4 Bf5 12. Nb6 Bxc2 13. Nxa8 Rxa8 14. Be3 Nd7 15. Bd2 Be4 16. Bc3 e5 17. Nd2 Bxg2 18. Kxg2 Kf8 19. Nc4 Ke7 20. Rfd1 Rd8 21. e3 f6 22. Ra3 Ndb8 23. Rc1 Kd7 24. f4 exf4 25. Rd1+ Ke6 26. Rxd8 f3+ 27. Kxf3 Nxd8 28. Ra1 Bf8 29. e4 Nbc6 30. Rd1 Nf7 31. h4 Nd6 32. Nb6 Be7 33. Nd5 Nb5 34. Nxe7 Kxe7 35. Rd5 Nbd4+ 36. Ke3 Nb3 37. g4 Ke6 38. Kd3 Nbxa5 39. Rxc5 b6 40. Rd5 Nb7 41. Ke3 Nd6 42. Rd1 Nc4+ 43. Kf4 h6 44. b3 g5+ 45. Kf3 N4e5+ 46. Kg3 a5 47. h5 Nd7 48. Rf1 Nce5 49. Bd4 Nd3 50. Rb1 Ke7 51. Kg2 Ke6 52. Kf3 N3e5+ 53. Ke2 Nxg4 54. Rc1 Nge5 55. Rc8 Kd6 56. Rh8 Nf7 57. Re8 Nfe5 58. Bb2 Nf7 59. Ke3 Nfe5 60. Ba3+ Kc6 61. Re6+ Kb5 62. Be7 Nc5 63. Rxe5 fxe5 64. Bxg5 Kc6 65. Bxh6 Kd7 66. Bf8 Ne6 67. Bg7 Ke8 68. Bxe5 Kf7 69. Bc3 Nc5 70. e5 Nd7 71. Kd4 1-0

[Event "GER-ch 71st"]
[Site "Altenkirchen"]
[Date "1999.11.15"]
[Round "4"]
[White "Heinemann, Thies"]
[Black "Schmidt, Reiner"]
[Result "1-0"]
[WhiteElo "2489"]
[BlackElo "2144"]
[EventDate "1999.11.12"]
[PlyCount "117"]

1. e4 e6 2. d4 d5 3. Nd2 Nf6 4. e5 Ne4 5. Bd3 Nxd2 6. Bxd2 c5 7. dxc5 Nd7 8. Nf3 Nxc5 9. Qe2 Bd7 10. O-O Nxd3 11. Qxd3 Qb6 12. Be3 Qa5 13. Rfe1 Be7 14. Bd4 Rc8 15. c3 a6 16. Qe3 Qb5 17. Re2 Qa4 18. a3 Bb5 19. Rd2 Qb3 20. Ba7 O-O 21. Nd4 Qc4 22. Bb6 Bc5 23. Bxc5 Qxc5 24. Re1 Bd7 25. f4 f5 26. exf6 Rxf6 27. g3 b5 28. Nf3 Qd6 29. Ng5 Qc6 30. Qd3 g6 31. Nf3 Re8 32. Qd4 Rff8 33. Ne5 Qc7 34. Ng4 h5 35. Nf6+ Kf7 36. Nxe8 Rxe8 37. Re5 Re7 38. Rde2 Qc4 39. Kg2 Bc6 40. h3 Re8 41. g4 hxg4 42. hxg4 Bd7 43. Qxc4 bxc4 44. Kg3 Ba4 45. f5 exf5 46. Rxe8 Bxe8 47. gxf5 gxf5 48. Re5 Bc6 49. Kf4 Kf6 50. Rxf5+ Ke6 51. Rh5 Kd6 52. Rh6+ Kc5 53. Ke5 Bb7 54. Rh7 Bc6 55. Rc7 Kb6 56. Kd6 Bb5 57. Rc5 Ka5 58. Kxd5 Ka4 59. Rxc4+ 1-0

[Event "GER-ch 71st"]
[Site "Altenkirchen"]
[Date "1999.11.15"]
[Round "4"]
[White "Hickl, Joerg"]
[Black "Kindermann, Stefan"]
[Result "1-0"]
[WhiteElo "2552"]
[BlackElo "2527"]
[EventDate "1999.11.12"]
[PlyCount "143"]

1. Nf3 Nf6 2. g3 g6 3. Bg2 Bg7 4. O-O O-O 5. c4 d6 6. Nc3 Nc6 7. d3 e5 8. Rb1 a5 9. a3 Re8 10. Bg5 h6 11. Bxf6 Bxf6 12. b4 axb4 13. axb4 Bg7 14. b5 Ne7 15. Qb3 c6 16. Nd2 Be6 17. Rfc1 d5 18. Qb4 dxc4 19. bxc6 bxc6 20. Nxc4 Nd5 21. Nxd5 cxd5 22. Nb6 Rb8 23. Qc5 d4 24. Nd5 Rxb1 25. Rxb1 Bg4 26. h3 Bf5 27. Rb7 Rf8 28. Ne7+ Kh7 29. Kh2 Be6 30. Be4 Re8 31. Qa7 Qa8 32. Qb6 Qa2 33. Bf3 h5 34. Qc7 h4 35. g4 Qd2 36. Kg2 Qg5 37. Ra7 Kh8 38. Nc6 Kh7 39. Ne7 Kh8 40. Nc6 Kh7 41. Qb7 Qf4 42. Qb5 Qf6 43. Nxe5 Re7 44. Rxe7 Qxe7 45. Nc6 Qf6 46. Qb8 Bd7 47. Na5 Qg5 48. Qc7 Be6 49. Nc6 Bd5 50. Nd8 Kg8 51. Qd7 Ba2 52. Nc6 Qf6 53. Bd5 Bxd5+ 54. Qxd5 Kh7 55. Qe4 Kh8 56. Ne7 Kh7 57. Nc6 Qd6 58. Na5 Bf6 59. Nc4 Qc5 60. Nd2 Qd6 61. Nf3 Qd8 62. Qf4 g5 63. Qf5+ Kg7 64. Nd2 Be7 65. Ne4 Kg8 66. f4 f6 67. Qg6+ Kf8 68. Qh7 Qb6 69. Qh6+ Ke8 70. fxg5 Qb2 71. gxf6 Qxe2+ 72. Nf2 1-0

[Event "GER-ch 71st"]
[Site "Altenkirchen"]
[Date "1999.11.15"]
[Round "4"]
[White "Janz, Frerik"]
[Black "Bastian, Herbert"]
[Result "1-0"]
[WhiteElo "2284"]
[BlackElo "2405"]
[EventDate "1999.11.12"]
[PlyCount "57"]

1. e4 c5 2. Nf3 a6 3. c3 d5 4. exd5 Qxd5 5. d4 e6 6. Be3 cxd4 7. cxd4 Nf6 8. Nc3 Qd6 9. Bd3 Nc6 10. a3 Be7 11. O-O O-O 12. Qe2 b5 13. Rad1 Bb7 14. Rfe1 Rad8 15. Bg5 b4 16. Ne4 Nxe4 17. Qxe4 g6 18. Qh4 Rfe8 19. Be4 bxa3 20. bxa3 Qxa3 21. d5 exd5 22. Bxd5 h5 23. Qf4 Ne5 24. Nxe5 Bxd5 25. Rxd5 f6 26. Rxd8 Bxd8 27. Qc4+ Kh8 28. Qf7 Rxe5 29. Bxf6+ 1-0

[Event "GER-ch 71st"]
[Site "Altenkirchen"]
[Date "1999.11.15"]
[Round "4"]
[White "Jussupow, Artur"]
[Black "Kersten, Uwe"]
[Result "1-0"]
[WhiteElo "2636"]
[BlackElo "2366"]
[EventDate "1999.11.12"]
[PlyCount "59"]

1. d4 Nf6 2. c4 c5 3. d5 b5 4. cxb5 a6 5. bxa6 g6 6. Nc3 Bxa6 7. g3 d6 8. Bg2 Bg7 9. Nf3 Nbd7 10. Rb1 Nb6 11. b3 Bb7 12. Nh4 O-O 13. O-O Ne8 14. Bb2 Bxc3 15. Bxc3 Rxa2 16. e4 e5 17. dxe6 fxe6 18. Ra1 Rxa1 19. Bxa1 Qe7 20. f4 Nd7 21. Qg4 Nef6 22. Qg5 Qe8 23. Re1 Kf7 24. e5 Bxg2 25. exf6 Bd5 26. f5 Rg8 27. fxe6+ Bxe6 28. Nf3 Qa8 29. Qe3 Re8 30. Qh6 1-0

[Event "GER-ch 71st"]
[Site "Altenkirchen"]
[Date "1999.11.15"]
[Round "4"]
[White "Kaster, Martin"]
[Black "Seger, Ruediger"]
[Result "0-1"]
[WhiteElo "2072"]
[BlackElo "2412"]
[EventDate "1999.11.12"]
[PlyCount "82"]

1. d4 Nf6 2. Nf3 g6 3. c4 Bg7 4. Nc3 d5 5. e3 O-O 6. Bd3 c5 7. dxc5 Qa5 8. O-O dxc4 9. Bxc4 Qxc5 10. Qb3 Nc6 11. Be2 Na5 12. Qa4 Bd7 13. Qh4 Rac8 14. e4 Qh5 15. Bg5 Qxh4 16. Bxh4 Rfe8 17. e5 Ng4 18. Rad1 Bc6 19. e6 f5 20. Nd4 Rcd8 21. Nxc6 Nxc6 22. Bxg4 fxg4 23. Nd5 Bd4 24. Nc7 Rf8 25. b3 Rf5 26. a4 a6 27. Rc1 g5 28. Bg3 h5 29. Nxa6 h4 30. Bc7 Ra8 31. b4 Rxa6 32. b5 Rxa4 33. bxc6 bxc6 34. Rxc6 Rxf2 35. Bb6 Rxf1+ 36. Kxf1 Ra1+ 37. Ke2 Ra2+ 38. Kd3 Bxb6 39. Rxb6 Kg7 40. g3 Rxh2 41. Ke4 Kf6 0-1

[Event "GER-ch 71st"]
[Site "Altenkirchen"]
[Date "1999.11.15"]
[Round "4"]
[White "Marchio, Enrico"]
[Black "Dettmann, Gerd"]
[Result "1/2-1/2"]
[WhiteElo "2289"]
[BlackElo "2184"]
[EventDate "1999.11.12"]
[PlyCount "115"]

1. Nf3 d5 2. b3 Nf6 3. Bb2 Bf5 4. e3 e6 5. Be2 h6 6. Ne5 Nbd7 7. f4 Be7 8. O-O h5 9. Bf3 c6 10. Nc3 Qc7 11. Ne2 Nxe5 12. Bxe5 Qd7 13. Ng3 Bg6 14. Nh1 Bd6 15. Qe2 Qc7 16. d4 h4 17. Nf2 Bxe5 18. fxe5 Nd7 19. c4 Qd8 20. e4 Nb6 21. exd5 cxd5 22. c5 Nc8 23. b4 Ne7 24. Qd2 Bh5 25. Ng4 Nf5 26. a4 Bg6 27. Rfc1 O-O 28. c6 bxc6 29. Rxc6 Rc8 30. Rac1 Qd7 31. b5 Rxc6 32. bxc6 Qc7 33. Rc5 Rb8 34. Be2 Rb1+ 35. Kf2 Bh5 36. Ne3 Bxe2 37. Nxf5 Bc4 38. Nd6 Rb6 39. Nxc4 dxc4 40. Qa5 Kf8 41. Kf3 Ke8 42. Kg4 Kd8 43. Rxc4 Rxc6 44. Rc5 Rxc5 45. Qxc5 Qxc5 46. dxc5 Kc7 47. Kxh4 Kc6 48. Kg5 Kxc5 49. h4 Kb4 50. h5 Kxa4 51. h6 gxh6+ 52. Kf6 Kb4 53. Kxf7 a5 54. Kxe6 a4 55. Kf7 a3 56. e6 a2 57. e7 a1=Q 58. e8=Q 1/2-1/2

[Event "GER-ch 71st"]
[Site "Altenkirchen"]
[Date "1999.11.15"]
[Round "4"]
[White "Mueller, Karsten"]
[Black "Krause, Ullrich"]
[Result "1-0"]
[WhiteElo "2533"]
[BlackElo "2263"]
[EventDate "1999.11.12"]
[PlyCount "79"]

1. e4 e6 2. d4 d5 3. Nc3 Bb4 4. exd5 exd5 5. Bd3 Nc6 6. a3 Bxc3+ 7. bxc3 Nge7 8. Qh5 Be6 9. Nf3 Qd7 10. Ng5 O-O-O 11. O-O Bg4 12. Qxf7 h6 13. f3 Rdf8 14. Qxg7 Bh5 15. Nh7 Rfg8 16. Qxh6 Bg6 17. Bxg6 Nxg6 18. Nf6 Qd6 19. Nxg8 Rxh6 20. Nxh6 Qe7 21. Bd2 Nh4 22. g3 Qe2 23. Rf2 Nxf3+ 24. Kg2 Nh4+ 25. gxh4 Qe4+ 26. Kg1 Qxc2 27. Re1 b6 28. Nf5 Qd3 29. Kg2 Kd7 30. h5 Qa6 31. h6 Qc8 32. Re3 Qh8 33. Rg3 Kc8 34. Rg7 Kb7 35. Bf4 Ka6 36. Rxc7 Na5 37. Be5 Qg8+ 38. Rg7 Qe8 39. h7 Qh5 40. h8=Q 1-0

[Event "GER-ch 71st"]
[Site "Altenkirchen"]
[Date "1999.11.15"]
[Round "4"]
[White "Osieka, Udo"]
[Black "Blum, Gernot"]
[Result "1/2-1/2"]
[WhiteElo "2342"]
[BlackElo "2128"]
[EventDate "1999.11.12"]
[PlyCount "171"]

1. d4 d5 2. Nf3 Nf6 3. c4 e6 4. Nc3 Be7 5. g3 O-O 6. Bg2 c5 7. cxd5 exd5 8. O-O Nc6 9. Bg5 c4 10. Ne5 Be6 11. Nxc6 bxc6 12. b3 cxb3 13. axb3 Qd7 14. Na4 Ne4 15. Bxe7 Qxe7 16. Qc2 Qf6 17. e3 Ng5 18. f3 h5 19. Nc5 Rfe8 20. Qd2 h4 21. f4 Nh3+ 22. Kh1 Bf5 23. Bf3 hxg3 24. hxg3 g6 25. Kg2 g5 26. g4 gxf4 27. exf4 Qh4 28. Rae1 Bxg4 29. Bxg4 Qxg4+ 30. Kh2 Kg7 31. Qg2 Qxg2+ 32. Kxg2 Nxf4+ 33. Kf3 Rxe1 34. Rxe1 Ng6 35. Ra1 Ne7 36. Ra6 Nf5 37. Ra4 Kg6 38. Kf4 f6 39. Kg4 Rh8 40. Ne6 Rh4+ 41. Kf3 Re4 42. Nf4+ Kg5 43. Ne2 Re3+ 44. Kf2 Rxb3 45. Rxa7 Rb2 46. Kf3 Rb3+ 47. Kf2 Kg4 48. Ra8 Rf3+ 49. Ke1 Rd3 50. Rc8 Nxd4 51. Nxd4 Rxd4 52. Rxc6 f5 53. Ke2 Kf4 54. Rd6 Re4+ 55. Kf2 Ke5 56. Rd8 Kd4 57. Kf3 Re1 58. Kf2 Re7 59. Kf3 Re1 60. Kf2 Re6 61. Kf3 Re7 62. Kf4 Rf7 63. Ra8 Kc4 64. Ra4+ Kc3 65. Ra3+ Kb4 66. Ra8 d4 67. Kf3 Re7 68. Rb8+ Kc3 69. Rc8+ Kd2 70. Rc5 Rf7 71. Ra5 d3 72. Kf2 f4 73. Ra2+ Kc1 74. Ra1+ Kb2 75. Ra8 f3 76. Rb8+ Kc2 77. Rc8+ Kd1 78. Rd8 Kd2 79. Rc8 Rf4 80. Rc7 Kd1 81. Rd7 Kc2 82. Rc7+ Kb3 83. Rd7 Kc3 84. Ke3 d2 85. Rd3+ Kc4 86. Rxd2 1/2-1/2

[Event "GER-ch 71st"]
[Site "Altenkirchen"]
[Date "1999.11.15"]
[Round "4"]
[White "Reefschlaeger, Helmut"]
[Black "Grund, Holger"]
[Result "1-0"]
[WhiteElo "2381"]
[BlackElo "2482"]
[EventDate "1999.11.12"]
[PlyCount "91"]

1. d4 d5 2. Nf3 Nf6 3. e3 Bg4 4. Be2 e6 5. h3 Bh5 6. b3 Bd6 7. Bb2 O-O 8. Nbd2 c6 9. O-O Nbd7 10. Ne5 Bxe2 11. Qxe2 Qc7 12. f4 c5 13. c4 cxd4 14. exd4 Bb4 15. Ndf3 dxc4 16. bxc4 Rac8 17. Rac1 b6 18. a3 Bd6 19. g3 Qb7 20. Rfe1 h6 21. Kh2 a6 22. Nd2 Rfe8 23. Qd3 Red8 24. Qb3 b5 25. Re2 Nf8 26. c5 Bc7 27. Qc2 Qd5 28. Rf1 N8d7 29. Rff2 Nb8 30. Nf1 Re8 31. Kg1 Ba5 32. Ne3 Qe4 33. Qd1 Qb7 34. f5 Qe7 35. fxe6 fxe6 36. Qb3 Bc7 37. Nf5 Qd8 38. Nxh6+ gxh6 39. Qd3 Bxe5 40. Qg6+ Kh8 41. dxe5 Rg8 42. Qxf6+ Kh7 43. Qxe6 Qg5 44. Rf7+ Kh8 45. g4 Rge8 46. Qb3 1-0

[Event "GER-ch 71st"]
[Site "Altenkirchen"]
[Date "1999.11.15"]
[Round "4"]
[White "Riegler, Dieter"]
[Black "Holzhaeuer, Mathias"]
[Result "1/2-1/2"]
[WhiteElo "2194"]
[BlackElo "2334"]
[EventDate "1999.11.12"]
[PlyCount "39"]

1. d4 Nf6 2. c4 e6 3. Nf3 Bb4+ 4. Nbd2 b6 5. a3 Bxd2+ 6. Bxd2 Bb7 7. g3 d6 8. Bg2 Nbd7 9. O-O O-O 10. b4 a6 11. Qc2 Be4 12. Qb3 Qb8 13. Rfd1 Qb7 14. Ne1 Bxg2 15. Nxg2 e5 16. Bc3 Rfe8 17. d5 Ne4 18. Bb2 f5 19. Qc2 g6 20. g4 1/2-1/2

[Event "GER-ch 71st"]
[Site "Altenkirchen"]
[Date "1999.11.15"]
[Round "4"]
[White "Von Herman, Ulf"]
[Black "Voigt, Roland"]
[Result "1-0"]
[WhiteElo "2407"]
[BlackElo "2147"]
[EventDate "1999.11.12"]
[PlyCount "79"]

1. d4 Nf6 2. c4 g6 3. Nc3 d5 4. cxd5 Nxd5 5. Bd2 Bg7 6. e4 Nxc3 7. Bxc3 O-O 8. Nf3 Bg4 9. Qd2 Bxf3 10. gxf3 Nd7 11. h4 h5 12. O-O-O e6 13. Bh3 Nb6 14. Kb1 Kh7 15. f4 Bh6 16. Rdg1 f5 17. d5 exd5 18. exf5 gxf5 19. Qd4 Qd7 20. Rg3 Na4 21. Bb4 Rf7 22. Qd1 c5 23. Qxh5 Qe6 24. Re1 Qf6 25. Re5 Rg8 26. Bxf5+ Kh8 27. Bd2 Rxg3 28. fxg3 Kg7 29. g4 Qb6 30. b3 c4 31. Re6 Qg1+ 32. Be1 Nc3+ 33. Kc2 Qg2+ 34. Kxc3 d4+ 35. Kb4 Bxf4 36. Rg6+ Kf8 37. Qh8+ Ke7 38. Re6+ Kd7 39. Qe8+ Kc7 40. Qxf7+ 1-0

[Event "GER-ch 71st"]
[Site "Altenkirchen"]
[Date "1999.11.15"]
[Round "4"]
[White "Walter, Guenter"]
[Black "Suhl, Dirk"]
[Result "1/2-1/2"]
[WhiteElo "2305"]
[BlackElo "2360"]
[EventDate "1999.11.12"]
[PlyCount "42"]

1. d4 Nf6 2. c4 g6 3. Nc3 d5 4. cxd5 Nxd5 5. Bd2 Nb6 6. Bg5 Bg7 7. e3 O-O 8. Nf3 N8d7 9. Be2 c6 10. O-O h6 11. Bh4 Qe8 12. a4 a5 13. Qb3 Qd8 14. Qa3 Nf6 15. b4 axb4 16. Qxb4 Nbd5 17. Nxd5 Nxd5 18. Qb3 Ra7 19. Bc4 Be6 20. Bg3 Qa5 21. h3 Rfa8 1/2-1/2

[Event "GER-ch 71st"]
[Site "Altenkirchen"]
[Date "1999.11.16"]
[Round "5"]
[White "Blum, Gernot"]
[Black "Walter, Guenter"]
[Result "0-1"]
[WhiteElo "2128"]
[BlackElo "2305"]
[EventDate "1999.11.12"]
[PlyCount "80"]

1. c4 e6 2. Nc3 d5 3. d4 c6 4. e4 dxe4 5. Nxe4 Bb4+ 6. Nc3 c5 7. Nf3 Nf6 8. Be3 O-O 9. Qc2 cxd4 10. Nxd4 e5 11. Nf3 Nc6 12. Rd1 Qa5 13. Be2 Bg4 14. O-O Bxc3 15. bxc3 e4 16. Nd4 Bxe2 17. Qxe2 Ne5 18. Rb1 Qxc3 19. Rfc1 Qd3 20. Qe1 Qa3 21. Bg5 Nd3 22. Qe3 Ng4 23. Qg3 Qc5 24. Qxg4 Qxd4 25. Rc2 f5 26. Qg3 f4 27. Qg4 Rae8 28. g3 Ne5 29. Qh5 fxg3 30. hxg3 Nf3+ 31. Kg2 Re5 32. Rh1 Nxg5 33. Re2 h6 34. Qg6 Re6 35. Qh5 Ref6 36. Rf1 Qxc4 37. Qg4 Qc6 38. Re3 Qe6 39. Qh5 Qxa2 40. Qd1 Rxf2+ 0-1

[Event "GER-ch 71st"]
[Site "Altenkirchen"]
[Date "1999.11.16"]
[Round "5"]
[White "Dautov, Rustem"]
[Black "Bischoff, Klaus"]
[Result "1/2-1/2"]
[WhiteElo "2597"]
[BlackElo "2509"]
[EventDate "1999.11.12"]
[PlyCount "119"]

1. d4 e6 2. c4 b6 3. e4 Bb7 4. Bd3 Bb4+ 5. Bd2 Bxd2+ 6. Nxd2 Nh6 7. Ngf3 O-O 8. Qc2 f6 9. O-O Nc6 10. a3 Ne7 11. Rfe1 c5 12. d5 e5 13. b4 d6 14. bxc5 dxc5 15. a4 a5 16. Nh4 Bc8 17. g3 Nf7 18. Nb1 Bd7 19. Nc3 Qc7 20. f3 Nc8 21. Kh1 Ncd6 22. Rab1 Rab8 23. f4 Rb7 24. Qd2 Qd8 25. Qg2 Ne8 26. Nf3 Bg4 27. Nh4 Bd7 28. h3 Qb8 29. Rf1 Nc7 30. Be2 Qc8 31. Kh2 Na6 32. f5 Nd6 33. g4 Qe8 34. Nb5 Bxb5 35. axb5 Nb4 36. Ra1 Nc2 37. Bd3 Nxa1 38. Rxa1 Qe7 39. Ra4 Kf7 40. Nf3 Ke8 41. Qg3 g6 42. fxg6 hxg6 43. Ra2 g5 44. Ra4 Rh8 45. Nd2 Ra7 46. Nb1 Kd7 47. Nc3 Kc7 48. Nd1 Rh6 49. Nf2 Kb8 50. Bf1 Qe8 51. Kg1 Rah7 52. Kh2 Nf7 53. Qf3 Qd8 54. Qg3 Nh8 55. Nd1 Ng6 56. Nf2 Nf4 57. Qe3 Qd6 58. Qg3 Rh4 59. Qe3 Rh8 60. Kg1 1/2-1/2

[Event "GER-ch 71st"]
[Site "Altenkirchen"]
[Date "1999.11.16"]
[Round "5"]
[White "Dettmann, Gerd"]
[Black "Gottschling, Stefan"]
[Result "1/2-1/2"]
[WhiteElo "2184"]
[BlackElo "2243"]
[EventDate "1999.11.12"]
[PlyCount "80"]

1. d4 Nf6 2. Nf3 e6 3. c4 d5 4. Nc3 Be7 5. Bg5 h6 6. Bh4 O-O 7. e3 b6 8. Bd3 Bb7 9. Bxf6 Bxf6 10. cxd5 exd5 11. b4 c6 12. O-O Nd7 13. Qb3 Re8 14. b5 c5 15. Nxd5 Bxd5 16. Qxd5 Ne5 17. Be4 Nxf3+ 18. Bxf3 Qxd5 19. Bxd5 Rad8 20. Bc6 Rf8 21. Rad1 cxd4 22. e4 Be7 23. Rd3 Bc5 24. f4 f5 25. e5 Rf7 26. h4 h5 27. Rfd1 Re7 28. Kf2 g6 29. Rg3 Kh7 30. Ke2 Re6 31. Bf3 Be7 32. Rh3 Bb4 33. Kd3 Re7 34. Rc1 Bc3 35. Rc2 Kg7 36. Rh1 Kf7 37. g3 Ke6 38. Rhh2 Rc7 39. Bc6 Rdc8 40. Rhe2 Rd8 1/2-1/2

[Event "GER-ch 71st"]
[Site "Altenkirchen"]
[Date "1999.11.16"]
[Round "5"]
[White "Grund, Holger"]
[Black "Gutman, Lev"]
[Result "1-0"]
[WhiteElo "2482"]
[BlackElo "2471"]
[EventDate "1999.11.12"]
[PlyCount "73"]

1. e4 c5 2. Nf3 d6 3. d4 cxd4 4. Qxd4 Bd7 5. Bg5 Nc6 6. Qd2 Nf6 7. Nc3 Qa5 8. Bc4 e6 9. O-O-O O-O-O 10. Bb3 Be7 11. h3 Kb8 12. Rhe1 Ne5 13. Nd4 h6 14. Be3 g5 15. f3 Rc8 16. Kb1 Rhd8 17. Bg1 Nh5 18. Qe3 Nf4 19. Rd2 Rc5 20. Red1 Rdc8 21. Qf2 Rxc3 22. bxc3 Qa3 23. Qf1 Rc5 24. c4 Qa6 25. c3 Nxc4 26. Bxc4 Rxc4 27. Rb2 e5 28. Nc2 Bb5 29. Qf2 Ba4 30. g3 Nxh3 31. Qf1 g4 32. Nb4 Rxb4 33. Rxb4 Qc6 34. Rc1 d5 35. exd5 Qg6+ 36. Ka1 Bxb4 37. cxb4 1-0

[Event "GER-ch 71st"]
[Site "Altenkirchen"]
[Date "1999.11.16"]
[Round "5"]
[White "Jugelt, Tobias"]
[Black "Janz, Frerik"]
[Result "1-0"]
[WhiteElo "2401"]
[BlackElo "2284"]
[EventDate "1999.11.12"]
[PlyCount "83"]

1. Nf3 d5 2. c4 dxc4 3. Na3 Nf6 4. Nxc4 g6 5. b3 Bg7 6. Bb2 O-O 7. g3 b6 8. Bg2 Bb7 9. O-O c5 10. Rc1 Nc6 11. a3 Rc8 12. d3 e6 13. Rc2 Qe7 14. Qa1 Rfd8 15. Rfc1 Ne8 16. Bxg7 Nxg7 17. g4 Nd4 18. Nxd4 Bxg2 19. Kxg2 Rxd4 20. Ne3 e5 21. b4 Ne6 22. bxc5 Nxc5 23. Qb2 Rcd8 24. Qb5 h5 25. gxh5 Qg5+ 26. Kh1 Qxh5 27. Rg1 Kg7 28. Rg2 Rh8 29. f3 Rhd8 30. Ng4 Qf5 31. Rc1 Qe6 32. Rcg1 R8d6 33. Qb2 Qf5 34. Qc1 Qh5 35. Rg3 Re6 36. Qf1 Rd8 37. Qf2 f5 38. Nxe5 Rxe5 39. Rxg6+ Kh7 40. Qg3 Rxe2 41. Rg7+ Kh8 42. Rg8+ 1-0

[Event "GER-ch 71st"]
[Site "Altenkirchen"]
[Date "1999.11.16"]
[Round "5"]
[White "Kaeser, Udo"]
[Black "Riediger, Martin"]
[Result "1-0"]
[WhiteElo "2334"]
[BlackElo "2230"]
[EventDate "1999.11.12"]
[PlyCount "79"]

1. e4 e6 2. Nc3 d5 3. Nf3 Nf6 4. e5 Ng8 5. d4 b6 6. Bf4 Qd7 7. Bb5 c6 8. Ba4 Ba6 9. Ne2 Bb5 10. Bb3 c5 11. c3 Nc6 12. O-O cxd4 13. Nfxd4 Nxd4 14. cxd4 Ne7 15. Re1 Ng6 16. Bd2 Be7 17. Nc3 Bc6 18. Bc2 O-O 19. Qh5 Rfc8 20. Re3 Bf8 21. Rh3 h6 22. Rg3 Qe8 23. f4 Bd7 24. f5 exf5 25. Bxf5 Be6 26. Rf1 Rc4 27. Be3 Rac8 28. Bd3 Rb4 29. Rf2 Kh7 30. Qd1 Kh8 31. a3 Rbc4 32. Bxc4 Rxc4 33. Qb3 Qc6 34. Rxg6 Bc5 35. dxc5 fxg6 36. cxb6 axb6 37. Qxb6 Qc8 38. Qd6 Rc6 39. Rf8+ Kh7 40. Rxc8 1-0

[Event "GER-ch 71st"]
[Site "Altenkirchen"]
[Date "1999.11.16"]
[Round "5"]
[White "Kersten, Uwe"]
[Black "Riegler, Dieter"]
[Result "1-0"]
[WhiteElo "2366"]
[BlackElo "2194"]
[EventDate "1999.11.12"]
[PlyCount "67"]

1. e4 c5 2. Nf3 d6 3. d4 cxd4 4. Nxd4 Nf6 5. Nc3 Nc6 6. Bc4 Qb6 7. Nxc6 bxc6 8. O-O e6 9. Qe2 Be7 10. b3 O-O 11. Bb2 Bb7 12. Rad1 c5 13. Rd3 Bc6 14. Rg3 Rfd8 15. Nd5 Bxd5 16. exd5 e5 17. f4 e4 18. Rh3 Rab8 19. g4 g6 20. g5 Ne8 21. Qe3 Ng7 22. f5 Bf8 23. Bxg7 Bxg7 24. f6 Bf8 25. Rxh7 Kxh7 26. Rf4 Kg8 27. Rh4 Qb4 28. c3 Qa3 29. Bf1 Bg7 30. fxg7 Kxg7 31. Qf4 f5 32. gxf6+ Kf8 33. Qh6+ Ke8 34. Qg7 1-0

[Event "GER-ch 71st"]
[Site "Altenkirchen"]
[Date "1999.11.16"]
[Round "5"]
[White "Kindermann, Stefan"]
[Black "Reefschlaeger, Helmut"]
[Result "1-0"]
[WhiteElo "2527"]
[BlackElo "2381"]
[EventDate "1999.11.12"]
[PlyCount "71"]

1. e4 e6 2. d4 d5 3. Nc3 Nf6 4. Bg5 Bb4 5. e5 h6 6. Bd2 Bxc3 7. bxc3 Ne4 8. Qg4 Kf8 9. Bd3 Nxd2 10. Kxd2 c5 11. h4 c4 12. Be2 Nc6 13. Rh3 b5 14. Qf4 Bd7 15. Bh5 Be8 16. Ne2 a5 17. g4 b4 18. Rah1 Ra7 19. g5 Ne7 20. Bg4 Qb6 21. h5 Ng8 22. g6 f6 23. exf6 gxf6 24. Re3 Re7 25. g7+ Kxg7 26. Bxe6 Rxe6 27. Qg4+ Kf7 28. Rg1 Ke7 29. Qg7+ Bf7 30. Rxe6+ Qxe6 31. Qxh8 Qf5 32. Rg3 Qxf2 33. Qg7 Ke8 34. Re3+ Ne7 35. Qxh6 Kd7 36. Qf4 1-0

[Event "GER-ch 71st"]
[Site "Altenkirchen"]
[Date "1999.11.16"]
[Round "5"]
[White "Mueller, Karsten"]
[Black "Jussupow, Artur"]
[Result "1/2-1/2"]
[WhiteElo "2533"]
[BlackElo "2636"]
[EventDate "1999.11.12"]
[PlyCount "85"]

1. e4 e6 2. d4 d5 3. Nc3 Nf6 4. Bg5 Be7 5. e5 Nfd7 6. Bxe7 Qxe7 7. f4 a6 8. Nf3 b5 9. Bd3 c5 10. dxc5 Nxc5 11. O-O Nc6 12. a3 g6 13. b4 Qa7 14. Kh1 Nxd3 15. cxd3 Bd7 16. Qd2 Ne7 17. Ne2 Nf5 18. d4 h5 19. Nc1 Rc8 20. Nb3 Rc4 21. Rac1 Bc6 22. Qf2 h4 23. Kg1 Ba8 24. Rfd1 Ke7 25. Na5 Qc7 26. Qe1 Qb6 27. Nb3 Qc6 28. Nc5 a5 29. Qd2 a4 30. Qf2 Qc8 31. Qd2 Qf8 32. Rc3 Qh6 33. Rd3 Qh5 34. Ng5 Bc6 35. Re1 Qg4 36. Nh3 Be8 37. Nf2 Qh5 38. h3 Bc6 39. Ng4 Rd8 40. Nf6 Qh6 41. Ng4 Qh5 42. Nf6 Qh6 43. Ng4 1/2-1/2